000 00312nam a22001337a 4500
003 SGT
082 _a617.643
_bA19R
100 _aROY, BIRSUBHRA
245 _aADVANCED TRAUMA LIFE SUPPORT
260 _aDELHI NCR
_bSGT UNIVERSITY GURUGRAM
_c2019
300 _a1-95
650 _aORAL SURGERY
942 _2ddc
_cTH
999 _c19034
_d19034